00610nam a22001937a 450000500170000001000150001702000260003203500140005803700090007208200110008110000310009224500910012325000060021426000510022027000810027130000200035294200250037299900190039720250324111258.0 aENG-144128 a9789391032654c595.00 aEN-127660 bDBAD a95421 aIAS,Gazal Bharadwaj979833 aThe Making of Modern India ;cGazal Bharadwaj ,IASbAmidst the making of Modern World  a1 aGurugrambOak Bridge Publishing Pvt.Ltd.c2022 aM35,1st Floor ,Old DLF,bHaryana k91 1244305970e122001mwww.oakbridge.in  a440pc24 cm(pb) 2ddccENh954mBHAe1 c210434d210434